Racionalizace - cesta ke snižování energetické náročnosti celostátní konference při 12. ročníku odborné mezinárodní výstavy vytápění, klimatizace a větrání "PRAGOTHERM" : sjezdová hala PKOJF Praha 31. 10. - 1. 11. 1979
Guardado en:
| Formato: | Libro |
|---|---|
| Lenguaje: | checo |
| Publicado: |
Praha
Dům techniky ČSVTS
1979
|
| Etiquetas: |
Sin Etiquetas, Sea el primero en etiquetar este registro!
|
MARC
| LEADER | 00000nam a2200000 4500 | ||
|---|---|---|---|
| 001 | 0215913 | ||
| 005 | 20240109104928.5 | ||
| 041 | 0 | |a cze | |
| 044 | |a CZ | ||
| 245 | 1 | 0 | |a Racionalizace - cesta ke snižování energetické náročnosti |b celostátní konference při 12. ročníku odborné mezinárodní výstavy vytápění, klimatizace a větrání "PRAGOTHERM" : sjezdová hala PKOJF Praha 31. 10. - 1. 11. 1979 |
| 264 | 1 | |a Praha |b Dům techniky ČSVTS |c 1979 | |
| 300 | |a 156 s. | ||